000 00233nam a2200097Ia 4500
008 190216s9999||||xx |||||||||||||| ||und||
100 _aMoulana Abul Kalam Azad
245 0 _aIndia Swathanthryam Needunnu
260 _bNull
942 _cBK
999 _c24480
_d24480